000 00670nam a22002177a 4500
003 OSt
005 20260202090908.0
008 260202b |||||||| |||| 00| 0 eng d
020 _a0-321-05677-9
040 _aDWC-Main lib.
_cOC
082 _24th ed.
_aCirc. 519.535 T112u 2001
100 _aFidell, Linda S.
245 _aUsing multivariate statistic/
_cLinda S. Fidell
250 _a4th ed.
260 _aBoston :
_bAllyn & Bacon,
_c c2001
300 _axxvi, 966 p. ;
_c23 cm.
504 _aIncludes bibliographical references & index
650 _aMultivariate analysis
700 _aTabachnick, Barbara G.
942 _2ddc
_cBK-CIRC
_e4th ed.
_hCirc.
_n0
999 _c8146
_d8146